ARRUPE JESUIT UNIVERSITY

CORONAVIRUS -STOP THE SPREAD - CLEAN,DISINFECT,COVER

Science: men, methods, goals: (Record no. 121667)

MARC details
000 -LEADER
fixed length control field 00797cam a22002411 4500
001 - CONTROL NUMBER
control field 3594858
003 - CONTROL NUMBER IDENTIFIER
control field ARRUPE
005 - DATE AND TIME OF LATEST TRANSACTION
control field 20150130104416.0
008 - FIXED-LENGTH DATA ELEMENTS--GENERAL INFORMATION
fixed length control field 690203s1968 nyu b 000 0 eng
010 ## - LIBRARY OF CONGRESS CONTROL NUMBER
LC control number 68029930
040 ## - CATALOGING SOURCE
Original cataloging agency DLC
Transcribing agency DLC
Modifying agency DLC
050 00 - LIBRARY OF CONGRESS CALL NUMBER
Classification number Q175
Item number .B7914
082 00 - DEWEY DECIMAL CLASSIFICATION NUMBER
Classification number 501
300 ## - PHYSICAL DESCRIPTION
Dimensions 24 cm.
100 1# - MAIN ENTRY--PERSONAL NAME
Personal name Brody, Baruch A.,
Relator term comp.
9 (RLIN) 13953
245 10 - TITLE STATEMENT
Title Science: men, methods, goals:
Remainder of title a reader: methods of physical science.
Statement of responsibility, etc Edited by Boruch A. Brody [and] Nicholas Capaldi.
260 ## - PUBLICATION, DISTRIBUTION, ETC. (IMPRINT)
Place of publication, distribution, etc New York,
Name of publisher, distributor, etc W. A. Benjamin,
Date of publication, distribution, etc 1968.
300 ## - PHYSICAL DESCRIPTION
Extent viii, 343 p.
504 ## - BIBLIOGRAPHY, ETC. NOTE
Bibliography, etc Bibliography: p. 341-343.
650 #0 - SUBJECT ADDED ENTRY--TOPICAL TERM
Topical term or geographic name as entry element Physical sciences
General subdivision Philosophy.
9 (RLIN) 11381
700 1# - ADDED ENTRY--PERSONAL NAME
Personal name Capaldi, Nicholas,
Relator term joint comp.
9 (RLIN) 13954
906 ## - LOCAL DATA ELEMENT F, LDF (RLIN)
a 7
b cbc
c orignew
d u
e ncip
f 19
g y-gencatlg
942 ## - ADDED ENTRY ELEMENTS (KOHA)
Source of classification or shelving scheme Library of Congress Classification
Koha item type Monograph ( Printed materials)
Holdings
Withdrawn status Lost status Source of classification or shelving scheme Damaged status Not for loan Collection code Home library Current library Shelving location Date acquired Total Checkouts Full call number Barcode Date last seen Price effective from Koha item type
    Library of Congress Classification     Main Collection ARRUPE LIBRARY ARRUPE LIBRARY Main Collection 14/01/2015   Q175 .B7914 46500003271 03/07/2019 14/01/2015 Monograph ( Printed materials)

 

Arrupe Library. PO Box MP320 Mt Pleasant, Harare, Zimbabwe
263 242 745411|librarian@aju.ac.zw